The form of the book : essays on the morality of good design

Saved in:
Bibliographic Details
Main Author Tschichold, Jan, 1902-1974 (Author)
Other Authors Hadeler, Hajo (Translator), Bringhurst, Robert, 1946- (Editor, wfw)
Format Book
LanguageEnglish
Published Washington : Hartley & Marks, 1991
Subjects
ISBN0-88179-116-4
Physical Descriptionxviii, 180 stran : ilustrace, faksimile ; 23 cm

Cover

LEADER 00000nam a2200000 i 4500
001 115452
003 CZ ZlUTB
005 20260407143907.0
007 ta
008 260407s1991 xxuah e 001 0 eng d
020 |z 0-88179-116-4  |q (brožováno) 
040 |a ZLD002  |b cze  |e rda 
041 1 |a eng  |h ger 
072 7 |a 655  |x Polygrafie. Vydavatelství a knižní obchod  |2 Konspekt  |9 12 
080 |a 766:655  |2 MRF 
080 |a [655.1+686.1]:74/77  |2 MRF 
080 |a 7.05:655.53  |2 MRF 
080 |a 655.2  |2 MRF 
080 |a (0:82-4)  |2 MRF 
100 1 |a Tschichold, Jan,  |d 1902-1974  |7 xx0034734  |4 aut 
240 1 0 |a Ausgewählte Aufsätze über Fragen der Gestalt des Buches und der Typographie  |l Anglicky 
245 1 4 |a The form of the book :  |b essays on the morality of good design /  |c Jan Tschichold ; translated from the German by Hajo Hadeler ; edited, with an introduction, by Robert Bringhurst 
264 1 |a Washington :  |b Hartley & Marks,  |c 1991 
300 |a xviii, 180 stran :  |b ilustrace, faksimile ;  |c 23 cm 
336 |a text  |b txt  |2 rdacontent 
337 |a bez média  |b n  |2 rdamedia 
338 |a svazek  |b nc  |2 rdacarrier 
500 |a Obsahuje rejstřík 
546 |a Přeloženo z němčiny 
650 0 7 |a grafický design  |7 ph116550  |2 czenas 
650 0 7 |a knižní umění  |7 ph114938  |2 czenas 
650 0 7 |a knižní design  |7 ph798178  |2 czenas 
650 0 7 |a typografie  |7 ph116511  |2 czenas 
650 0 9 |a graphic design  |2 eczenas 
650 0 9 |a art of the book  |2 eczenas 
650 0 9 |a book design  |2 eczenas 
650 0 9 |a typography  |2 eczenas 
655 7 |a eseje  |7 fd132213  |2 czenas 
655 9 |a essays  |2 eczenas 
700 1 |a Hadeler, Hajo  |4 trl 
700 1 |a Bringhurst, Robert,  |d 1946-  |7 utb2011633506  |4 edt  |4 wfw 
910 |a ZLD002 
942 |2 udc 
952 |0 0  |1 0  |4 0  |5 0  |6 655TSCHICHOLDJ  |7 0  |8 BOOK  |9 190660  |a UTBZL  |b UTBZL  |c 005  |d 2026-04-07  |l 0  |o 655/TSCHICHOLD,J.  |p 420010201882  |r 2026-04-07 14:39:50  |v 825.00  |w 2026-04-07  |x N:nákup  |y 01 
992 |a BK  |b SKNEW 
999 |c 115452  |d 115452